Начальный курс китайского языка; Ч. 1

書誌詳細
第一著者: Задоенко Т. П.
その他の著者: Шуин Х. Хуан
言語:ロシア語
中国語
出版事項: Москва, Муравей, 2004
版:2-е изд., испр.
主題:
フォーマット: MixedMaterials 図書
KOHA link:https://koha.lib.tpu.ru/cgi-bin/koha/opac-detail.pl?biblionumber=182159

MARC

LEADER 00000nam0a2200000 4500
001 182159
005 20231101223654.0
010 |a 5897371458 
035 |a (RuTPU)RU\TPU\book\197442 
090 |a 182159 
100 |a 20100617d2004 km y0rusy50 ca 
101 0 |a rus  |a chi 
102 |a RU 
105 |a a j 000zy 
200 1 |a Начальный курс китайского языка  |h Ч. 1  |f Т. П. Задоенко, Х. Шуин 
205 |a 2-е изд., испр. 
210 |a Москва  |c Муравей  |d 2004 
215 |a 286 с.  |c ил. 
606 1 |a Китайский язык  |x Учебники и учебные пособия  |2 stltpush  |3 (RuTPU)RU\TPU\subj\73823  |9 86580 
610 1 |a Иерусалим 
610 1 |a фонетика 
610 1 |a иероглифика 
610 1 |a грамматика 
610 1 |a иероглифы 
610 1 |a переводы 
610 1 |a учебники 
686 |a Ш171.11-923  |2 rubbk 
700 1 |a Задоенко  |b Т. П. 
701 1 |a Шуин  |b Х.  |g Хуан 
801 1 |a RU  |b 63413507  |c 20100617 
801 2 |a RU  |b 63413507  |c 20221209  |g RCR 
942 |c BK